Freemasonry and the Christian faith : observations on religion and ethics in Finnish Freemasonry /
Disimpan dalam:
| Pengarang Utama: | |
|---|---|
| Format: | Buku |
| Bahasa: | English |
| Diterbitkan: |
Tampere, Finland :
Research Institute of the Lutheran Church in Finland,
[1987]
|
| Siri: | Publication ... of the Research Institute of the Lutheran Church in Finland ;
no. 36. |
| Subjek-subjek: | |
| Penanda-penanda: |
Tambah Penanda
Tiada Penanda, Jadilah orang pertama menanda rekod ini!
|
| LEADER | 00888nam a2200229 a 4500 | ||
|---|---|---|---|
| 001 | 003217543-4 | ||
| 005 | 20020606093309.7 | ||
| 008 | 900827s1987 fi 000|0 eng d | ||
| 010 | |a 80126979 | ||
| 020 | |a 9516931243 | ||
| 035 | 0 | |a ocm20628450 | |
| 050 | 0 | 0 | |a HS627.3.A6 |b H45 1987 |
| 100 | 1 | |a Heino, Harri. | |
| 245 | 1 | 0 | |a Freemasonry and the Christian faith : |b observations on religion and ethics in Finnish Freemasonry / |c by Harri Heino. |
| 260 | |a Tampere, Finland : |b Research Institute of the Lutheran Church in Finland, |c [1987] | ||
| 300 | |a 24 p. ; |c 21 cm. | ||
| 490 | 1 | |a Publication no. 36 of the Research Institute of the Lutheran Church in Finland | |
| 650 | 0 | |a Freemasonry |z Finland. | |
| 650 | 0 | |a Freemasonry |x Religious aspects |x Christianity. | |
| 830 | 0 | |a Publication ... of the Research Institute of the Lutheran Church in Finland ; |v no. 36. | |
| 988 | |a 20020608 | ||
| 906 | |0 MH | ||


